000 00199 a2200097 4500
001 2693
100 _aTemplewood, V
245 _aWine troubled years
260 _a
_bCollins
_c
090 _c1989
_d1989
942 _aNUST-CAE
_cM
_c10990
999 _c237766
_d237766